banner koha

Sistema cacau cabruca e a mata atlântica: diversidade arbórea, conservação e potencial de produção (Registro n. 219052)

MARC details
000 -LÍDER
campo de controle de tamanho fixo 01144nas a2200361 4500
001 - NÚMERO DE CONTROLE
campo de controle BR2012003411
003 - IDENTIFICADOR DO NÚMERO DE CONTROLE
campo de controle BR-BrBNA
005 - DATA E HORÁRIO DA ÚLTIMA TRANSAÇÃO
campo de controle 20231205120538.0
007 - CAMPO FIXO DE DESCRIÇÃO FÍSICA--INFORMAÇÃO GERAL
campo de controle de tamanho fixo ta
008 - CAMPO DE DADOS FIXOS--INFORMAÇÃO GERAL
campo de controle de tamanho fixo 230509b bl.|||p| |||| 00| 00por d
040 ## - FONTE DA CATALOGAÇÃO
Instituição da catalogação original BR-BrBNA
Idioma da catalogação por
Instituição que transcreveu o registro Biblioteca Nacional de Agricultura
041 ## - CÓDIGO DE IDIOMA
Código do idioma do texto/trilha sonora ou título diferente (Pt)
072 ## - CÓDIGO DE CATEGORIA DE ASSUNTO
Código de Categoria de Assunto P01; F01
100 1# - ENTRADA PRINCIPAL--NOME PESSOAL
Nome pessoal Lobão, D.E.
100 1# - ENTRADA PRINCIPAL--NOME PESSOAL
Nome pessoal Setenta, W.C.
100 1# - ENTRADA PRINCIPAL--NOME PESSOAL
Nome pessoal Santos, E.S. dos
100 1# - ENTRADA PRINCIPAL--NOME PESSOAL
Nome pessoal Curvelo, K.
100 1# - ENTRADA PRINCIPAL--NOME PESSOAL
Nome pessoal Lobão, E. de S.P.
100 1# - ENTRADA PRINCIPAL--NOME PESSOAL
Nome pessoal Valle, R.R.
245 1# - TÍTULO
Título Sistema cacau cabruca e a mata atlântica: diversidade arbórea, conservação e potencial de produção
246 1# - FORMA VARIANTE DO TÍTULO
Título/título abreviado Cacau cabruca system and Atlantic Forest: Arboreal diversity, conservation and potential
650 ## - ASSUNTO--TERMO TÓPICO
Cabeçalho tópico ou nome geográfico THEOBROMA CACAO
650 ## - ASSUNTO--TERMO TÓPICO
Cabeçalho tópico ou nome geográfico CACAU
650 ## - ASSUNTO--TERMO TÓPICO
Cabeçalho tópico ou nome geográfico CONSERVAÇÃO
650 ## - ASSUNTO--TERMO TÓPICO
Cabeçalho tópico ou nome geográfico BIODIVERSIDADE
650 ## - ASSUNTO--TERMO TÓPICO
Cabeçalho tópico ou nome geográfico CACAUICULTURA
650 ## - ASSUNTO--TERMO TÓPICO
Cabeçalho tópico ou nome geográfico PRODUÇÃO
650 ## - ASSUNTO--TERMO TÓPICO
Cabeçalho tópico ou nome geográfico FLORESTA
773 0# - ENTRADA ANALÍTICA
Título Agrotrópica (Brazil)
ISSN - International Standard Serial Number ISSN 0103-3816
Partes relacionadas (May-Dec 2011), v. 23(2-3) p. 115-124
Número de controle do registro BR2012003411
856 40 - LOCALIZAÇÃO ELETRÔNICA E ACESSO
Caminho Link DSPACE/MAPA BR2012003411
909 ## -
-- 202311
-- Lúcia
-- 55
-- Lúcia Elande
942 ## - ELEMENTOS DE ENTRADA ADICIONADOS (KOHA)
Fonte da classificação ou esquema de arquivamento na estante Classificação AGRIS
Ocultar no OPAC Não
Tipo de material Koha Analítica
Exemplares
Situação do descarte Fonte da classificação ou esquema de arquivamento na estante Situação física Não pode ser emprestado Biblioteca de origem Biblioteca atual Localização na estante Enumeração do periódico / cronologia Total de empréstimos Data de último acesso Número do exemplar Tipo de material Koha Fonte de aquisição
  Classificação AGRIS   Consulta local Biblioteca Nacional de Agricultura - Binagri Biblioteca Nacional de Agricultura - Binagri   (May-Dec 2011), v. 23(2-3) p. 115-124   29/11/2023 01 Periódicos Portaria Interministerial nº 164/94

BINAGRI

Telefone: (61)3218-2567/2388/3357/2097 - binagri@agro.gov.br

Ministério da Agricultura e Pecuária , Esplanada dos Ministérios, Bloco D, Anexo B, Brasília/DF, CEP: 70.043-900